000 00640nam a2200241Ia 4500
003 OSt
005 20220918215211.0
006 a|||||r|||| 00| 0
007 ta
008 220917b |||||||| |||| 00| 0 eng d
024 _a140,439
037 _cTextual
040 _aARTS
_cARTS
_beng
041 _2eng
_aeng
082 _aY:(L), M0
100 _aMadan T N
245 0 _aDoctors and society
_b Three Asian case studies India Malayasia Sri Lanka
260 _aNew Delhi
_bVikas
_c1980
300 _aviii, 311p.
_ccm.
650 _aSOCIOLOGY
942 _hY:(L), M0
_cTEXL
_2CC
999 _c263415
_d263415